Results

Below are the most and least guessed answers to the given questions, as well as how your score stacks up against everyone else who took this quiz.
Play Again

The 'Party' Songs Quiz has been played 290 times (0 today)
Artist Song % Correct
Miley CyrusParty In The U.S.A.
76.6%
Beastie Boys(You Gotta) Fight For Your Right (To Party!)
65.5%
Andrew W.K.Party Hard
43.8%
PinkGet The Party Started
43.8%
Leslie GoreIt's My Party
34.1%
Eddie MurphyParty All The Time
33.4%
VengaboysWe Like To Party! (The Vengabus)
31.7%
DMXParty Up (Up In Here)
31.4%
Shop BoyzParty Like A Rock Star
29%
Blink-182The Party Song
23.8%
Artist Song % Correct
NellyParty People
16.2%
Shania TwainParty For Two
12.4%
Black FlagTV Party
11.7%
The BeatlesI Don't Want To Spoil The Party
11%
BlurDeath Of A Party
10.3%
The Hold SteadyParty Pit
9.7%
Public EnemyParty For Your Right To Fight
8.6%
Happy Mondays24 Hour Party People
7.2%
ZZ TopParty On The Patio
6.9%
WeenYour Party
6.6%
 
Number % Answered
20 (all)
2.8%
18-19
1%
16-17
1.4%
14-15
1.4%
12-13
0.7%
10-11
3.1%
8-9
6.6%
6-7
13.1%
4-5
29%
2-3
33.8%
1-1
7.2%

You might also like these games:
'The' BandsFinish the LyricMusician by Picture
There are 5 comments for this game.
(Warning: comments may contain spoilers)

'Party' Songs Quiz

  1. by asubrt
  • Created Oct 24, 2009 in Music
  • Game Plays 290

Remember, Sporcle is now...

Friend Scores and Standings

Loading friend results....